00406 a2200121 4500001001000000005001700010008004100027245009200068100001900160700002200179773006600201999001700267ART_1090020260410161849.0260409a 10aLa tasa social de retorno al capital en Argentina 1935-1973. Un intento de estimación1 aReca, Lucio G.1 aVerstraeten, Juan0 tEconómicag- Año XXVII, Nº 1/2 (ene./ago. 1981)wREV7541 c24806d24806